COVID-19:Examining the Reallocation Shock across Industries

Cieľom tohto výskumu je komplexne preskúmať transformačný vplyv pandémie COVID-19 na dynamiku zamestnanosti v Európskej únii (EÚ) v rokoch 2017 až 2021. Štúdia pomocou otvorených databáz Eurostatu a Microsoft Excel dôkladne analyzuje mieru straty zamestnania, náboru zamestnancov. trendov a celkovej...

Full description

Saved in:
Bibliographic Details
Main Author: Kalamen, Kristián, 1996-
Format: Book Chapter
Language:English
Subjects:
Tags: Add Tag
No Tags, Be the first to tag this record!

MARC

LEADER 00000naa$a2200000$$$4500
001 0299604
005 20241119135737.5
041 0 |a eng 
044 |a SK 
245 1 0 |a COVID-19:Examining the Reallocation Shock across Industries  |c Kristián Kalamen 
520 |a Cieľom tohto výskumu je komplexne preskúmať transformačný vplyv pandémie COVID-19 na dynamiku zamestnanosti v Európskej únii (EÚ) v rokoch 2017 až 2021. Štúdia pomocou otvorených databáz Eurostatu a Microsoft Excel dôkladne analyzuje mieru straty zamestnania, náboru zamestnancov. trendov a celkovej miery nezamestnanosti v rôznych sektoroch pomocou sofistikovaných štatistických a ekonometrických techník na odhalenie mnohostranných dôsledkov pandémie na trh práce EÚ. Pozoruhodné zistenia poukazujú na významný vplyv na sektory IKT a ubytovacích a stravovacích služieb. 
610 2 0 |a pandémia 
610 2 0 |a odvetvia činnosti ekonomickej 
610 2 0 |a zamestnanosť 
610 2 0 |a nezamestnanosť 
610 2 0 |a Európska únia 
610 2 0 |a transformácia 
100 1 |a Kalamen, Kristián, 1996-